000
00339nam a2200145Ia 4500
008
240624s9999 xx 000 0 und d
041
_a
eng
082
_a
338.7 SHA
100
_a
SHARMA PRAMODITA
245
_a
FAMILY BUSINESS
260
_c
2015
_a
London
_b
Sage
300
_a
lii, : 395 : p. : cm. ; 24
365
_c
GBP
_b
38
440
_v
2
999
_c
27586
_d
27586